000
00224nam a2200097Ia 4500
008
170619s9999 xx 000 0 und d
100
_a
Gupta P K
245
0
_a
Cytology genetics &Evolution
260
_b
Rastogi Pub.
260
_c
2003
546
_a
ENGLISH
999
_c
17389
_d
17389